Quizzes
Events
Quiz Creation
Community
Videos
Private Events
Remove Ads
Sign In
Join for FREE
Feedback
Dark Mode
Quiz Categories
Sports
Geography
Music
Movies
Television
Just For Fun
Miscellaneous
History
Literature
Language
Science
Gaming
Entertainment
Religion
Holiday
For Kids
Quiz Lab
Recent
Popular Today
Quiz Kudos Today
Editor Picks
Curator Picks
Quizzes by...
Day
Popularity
Type
Ratings
Length
Year
Community
Subscriptions
Recent Discussions
Orange Saloon
Badges
Playlists
Quests
Create
Leaderboards
Showdown
Live 5
Trivia Bingo
Activity
Puzzle Library
Sporcle Events
Private Events
Virtual Trivia
Globe League
Become a Host
Pub Owners
SporcleCon
Opinionation
Our Games
Videos
Blog
Mobile Apps
Partnerships
Remove Ads and Go Orange
Feedback
Language
Vocabulary
Begins and Ends
Definition
Spanish
French
German
Italian
Chinese
Latin
Translation
Japanese
Language
Vocabulary
Begins and Ends
Definition
Spanish
French
German
Italian
Chinese
Latin
Translation
Japanese
Random Quiz
Search Sporcle
×
Quiz Lab
Quiz Lab
Language
Type in answers that appear in a list
Type in answers that appear in a list
Classic
Best Score? Go Orange.
Ch 7 Stats
Can you name the Ch 7?
By
jungster09
10m
59 Questions
4 Plays
4 Plays
4 Plays
Comments
Comments
Give Quiz Kudos
Give Quiz Kudos
-
- Ratings
hide this ad
Replay
Link that replays current quiz
Next Quiz
Link to next quiz in quiz playlist
You Got
0%
They Got
Avg Score
61%
Avg Friend Score
Upgrade to see
Score Distribution
Jump to the score distribution portion of the page
Score
0/59
Timer
10:00
0
Plays Today
vocab
% Correct
to fire
despedir
100%
to hire; to contract
contratar
75%
to interview
entrevistar
75%
to be on/
for sale
estar a la venta
75%
to be/
to wait in line
hacer cola
75%
to work overtime
hacer horas extraordinarias
75%
to quit (a job)
renunciar
75%
to apply (for a job)
solicitar
75%
to take a vacation
tomar vacaciones
75%
stock;shares of stock
las acciones
75%
department store
el almacén
75%
stock market
la bolsa
75%
teller
el cajero
75%
ATM
el cajero automático
75%
contract
el contrato
75%
unemployed person
desempleado
75%
unemployment
el desempleo
75%
worker, employee
empleado
75%
work, employment
el empleo
75%
corporation
la empresa
75%
interview
la entrevista
75%
earnings, profits
las ganancias
75%
business man
el hombre de negocios
75%
office (general)
la oficina
75%
storel
la tienda
75%
shareholder
accionista
50%
company
la compañía
50%
office (specific room)
el despacho
50%
management
la gerencia
50%
manager
gerente
50%
vocab
% Correct
market
el mercado
50%
losses
pérdidas
50%
secretary
secretario
50%
labor union
el sindicato
50%
partner, associate, member
socio
50%
application form
la solicitud
50%
sale
la venta
50%
to save
ahorrar
50%
to charge one's account
cargar
50%
to charge someone for something
cobrar
50%
to cash a check
cobrar un cheque
50%
to spend
gastar
50%
to deposit
ingresar
50%
to invest
invertir
50%
to pay in installments
pagar a plazos
50%
to pay in cash
pagar en efectivo
50%
to borrow
pedir prestado
50%
to request a loan
pedir un préstamo
50%
to lend
prestar
50%
to withdraw
retirar
50%
account, bill
la cuenta
50%
checking account
la cuenta corriente
50%
savings account
la cuenta de ahorros
50%
debts
las deudas
50%
expenses
los gastos
50%
investments
las inversiones
50%
loan
el préstamo
50%
ATM card
la tarjeta de cajero
50%
credit card
la tarjeta de crédito
50%
Quiz Playlist
Details
Report
Send in Message
Add To Playlist
Classic:
Type in answers that appear in a list
Last Updated: Feb 16, 2017
Quiz Scoreboard
CHALLENGE
Sign Up to Join the Scoreboard
Show All
Scores
Hide
Comments
May contain spoilers
Recently Published
An Introduction to Baseball
by treessimontrees
Sports
5m
Movies - When Are They Set?
by FPL_Elf
Movies
5m
Popular People in 1961
by mucciniale
History
6m
More to Explore
Quiz From the Vault
Featured Blog Post
Where Did the Easter Bunny Come From?
hide this ad
You Might Also Like...
Tags
This quiz does not have any tags.
Today's Top Quizzes in Language
Browse Language
hide this ad
Top Contributed Quizzes in Language
1
1-10 Letter F Words III
2
Order Up: Top 10 Most Native Spoken Languages
3
1-10 Letter G Words III
4
1-10 Letter H Words III
5
One Thing in Common: Italy
6
1-10 Letter I Words III
7
Weisst du, aus welchen Sprachen diese Wörter stammen?
8
1-10 Letter J Words III
9
Begins and Ends With AN
10
Hiragana Speed Reading
Explore More
Trending Topics
Marvel
NBA
Kpop
Harry Potter
Disney
Anime
Crossword
Soccer
Pokémon
NFL
Country
Song
WWE
The Office
Puzzle
hide this ad
More By:
jungster09
Quiz
Plays
Rating
Category
Featured
Created
Harry Potter Minor Characters
620
4.00
Literature
Dec 28, 2010
World Cup Players 2010: South Korea
186
Sports
Jul 2, 2010
Ch 11
9
Language
Jul 31, 2010
Ch 12
8
Language
Jul 31, 2010
Ch 8
4
1.00
Language
Jul 19, 2010
Go to Creator's Profile
Score Distribution
Quiz Creator Spotlight
jungster09
Follow
Send a Message
Quizzes Created
-
Created Quiz Play Count
-
More By This Creator
Popular Quizzes Today
1
Find the Countries of Europe - No Outlines Minefield
2
Find the US States - No Outlines Minefield
3
The Countries of the World
4
Popular People in 1961
5
US States
6
Find the US States
7
1-10 Letter E Words III
8
Risky Map Clicking: Biggest States A-Z
More Language Quizzes
Missing Vowels
Published
Trending Quizzes
Risky Map Clicking: Least Populous States A-Z
1-10 Letter F Words
1-10 Letter G Words
One Thing in Common: United Kingdom
Risky Map Clicking: Next State Alphabetically
Recently Updated
Leaping Animals
pecheneg
Reality TV Shows (A-Z)
bhenderson79
Rickey Henderson's Hall of Fame Teammates
pecheneg
Champions League XIs: Arsenal
pecheneg
Quick Pick: Celebrities in WWE's Hall of Fame
aduchscher
A-Z Keypad Blitz II
pecheneg
Multiple Oscar Actors
pecheneg
Mystery Phrase Blitz: Oscar 'Best Actors'
pecheneg
F. Scott Fitzgerald Novels
LTH
Pick 3 Villains
ddd62291
Trending Topics
Crossword
Anime
NBA
Harry Potter
Marvel
Kpop
Disney
WWE
Country
Song
The Office
Pokémon
Puzzle
Soccer
NFL
Your Account Isn't Verified!
In order to create a playlist on Sporcle, you need to verify the email address you used during registration. Go to your
Sporcle Settings
to finish the process.
Report this User
Report this user for behavior that violates our
Community Guidelines
.
Details:
Send Report
Go to the Sporcle.com Mobile Site →
Comments